Normal view MARC view

Entry Personal Name

Number of records used in: 1

001 - CONTROL NUMBER

  • control field: 55121

003 - CONTROL NUMBER IDENTIFIER

  • control field: OSt

005 - DATE AND TIME OF LATEST TRANSACTION

  • control field: 20241030153450.0

008 - FIXED-LENGTH DATA ELEMENTS

  • fixed length control field: 241030|| aca||aabn | a|a d

040 ## - CATALOGING SOURCE

  • Original cataloging agency: OSt
  • Transcribing agency: OSt

100 ## - HEADING--PERSONAL NAME

  • Personal name: ဝေဠုဝန်ဆရာတော်

670 ## - SOURCE DATA FOUND

  • Source citation: Work cat.: (OSt)16874: ဣန္ဒက၊ အရှင်(ဓမ္မာစရိယ) 17432, ဓမ္မစကြာဒေသနာဝတ်ရွတ်စဉ် /, ၁၉၇၀။

Library - 09407999929
Admin Office - 09407999979
Dean Office - 09250910768
Registrar Office - 09892297154
Email - [email protected]
Shan State Buddhist University, Phaya Phyu Taunggyi, Shan State, Myanmar.